| 000 | 01073cam a2200325 i 4500 | ||
|---|---|---|---|
| 999 |
_c200449625 _d67837 |
||
| 001 | 200449625 | ||
| 003 | TR-AnTOB | ||
| 005 | 20230616160533.0 | ||
| 007 | ta | ||
| 008 | 071017s2007 tu $r01 $$$$ tur utu | ||
| 020 | _a9786055980061 | ||
| 040 |
_aTR-AnTOB _beng _erda _cTR-AnTOB |
||
| 041 | 0 | _atur | |
| 044 | _ctu | ||
| 050 | 1 | 4 |
_aKKX519 _b.S57 2007 |
| 090 |
_aKKX519 _b.S57 2007 |
||
| 100 | 1 |
_aSırabaşı, Volkan _eauthor _963057 |
|
| 245 | 1 | 0 |
_aİnternet ve radyo-televizyon aracılığıyla kişilik haklarına tecavüz (internet hukuku) / _cVolkan Sırabaşı. |
| 264 | 1 |
_aAnkara : _bAdalet, _c2007. |
|
| 300 |
_a552 pages ; _c24 cm |
||
| 336 |
_atext _btxt _2rdacontent |
||
| 337 |
_avolume _bn _2rdamedia |
||
| 338 |
_aunmediated _bnc _2rdacarrier |
||
| 490 | 0 |
_aHukuk Yayınları Dizisi ; _v301 |
|
| 650 | 0 |
_aÖzel hayatın korunması _zTürkiye _976349 |
|
| 650 | 0 |
_aİnternet _xHukuk ve mevzuat _zTürkiye _934088 |
|
| 650 | 7 |
_aKitle iletişim araçları _xHukuk ve mevzuat _2etuturkob _9112079 |
|
| 942 |
_2lcc _cBK |
||